Woorayl the Lyrebird. (Record no. 111930)
[ view plain ]
| 000 -LEADER | |
|---|---|
| fixed length control field | 00313nam a2200121 a 4500 |
| 005 - DATE AND TIME OF LATEST TRANSACTION | |
| control field | 20140414131924.0 |
| 008 - FIXED-LENGTH DATA ELEMENTS--GENERAL INFORMATION | |
| fixed length control field | 101027s19uu xx 00 eng d |
| 050 ## - LIBRARY OF CONGRESS CALL NUMBER | |
| Classification number | ER |
| Item number | W85 1987 |
| 100 ## - MAIN ENTRY--PERSONAL NAME | |
| Personal name | Gibson, Helen |
| 245 ## - TITLE STATEMENT | |
| Title | Woorayl the Lyrebird. |
| 260 ## - PUBLICATION, DISTRIBUTION, ETC. (IMPRINT) | |
| Place of publication, distribution, etc | Cleveland : |
| Name of publisher, distributor, etc | Modern Curriculum, |
| Date of publication, distribution, etc | 1987. |
| Withdrawn status | Lost status | Damaged status | Home library | Current library | Shelving location | Date acquired | Total Checkouts | Full call number | Barcode | Date last seen | Price effective from | Koha item type |
|---|---|---|---|---|---|---|---|---|---|---|---|---|
| Munich Library | Munich Library | Easy Reading Section | 10/27/2010 | ER W85 1987 | M2897 | 04/14/2014 | 04/14/2014 | Books |